[Event "45th Olympiad 2024"]
[Site "Budapest HUN"]
[Date "2024.09.16"]
[Round "6.45"]
[Board "1"]
[White "Lee, Junhyeok"]
[Black "Kulaots, Kaido"]
[Result "1/2-1/2"]
[WhiteElo "2364"]
[BlackElo "2506"]
[PlyCount "75"]
[EventDate "2024.09.11"]
[WhiteTeam "South Korea"]
[BlackTeam "Estonia"]
[BlackTeamCountry "EST"]

1. e4 e5 2. Nf3 Nc6 3. Bb5 Nge7 4. d4 Nxd4 5. Nxd4 exd4 6. Qxd4 Nc6 7. Qe3 Bb4+ 8. Bd2 ({RR} 8. c3 Be7 9. Qg3 O-O 10. O-O Bh4 11. Qf4 d6 12. Bxc6 bxc6 13. Rd1 Qe7 14. Be3 Rb8 15. b4 a5 16. a3 h5 17. h3 g5 18. Qf3 g4 19. Qf4 Rb5 20. hxg4 Bxg4 21. Re1 Bg5 22. Qg3 Qxe4 {0-1 Vujovic,V (2175)-Kulkarni,B (2372) 55th Belgrade WGM 2024 (3.2)}) 8... Bxd2+ 9. Qxd2 O-O 10. Nc3 a6 $146 ({RR} 10... d6 11. O-O a6 12. Bxc6 bxc6 13. Rad1 Qe7 14. Qd4 Bb7 15. Rfe1 Rae8 {½-½ Eslon,J-Kinnmark,O SWE-ch Skelleftea 1972 (7)}) ({RR} 10... Re8 11. O-O d6 12. Rfe1 Bd7 13. Re3 Re6 14. f4 Rh6 15. Rae1 a6 16. Bf1 Ne7 17. f5 Nc6 18. Rg3 Kh8 19. Nd5 Ne5 20. f6 Rg6 21. fxg7+ Kxg7 22. Qf2 c6 23. Nf4 Rxg3 24. Qxg3+ Kh8 25. Qf2 {0-1 Banas,K (2232)-Rachela,M (2395) SVK-chT 1011 2010 (3.4)}) 11. Bxc6 bxc6 12. O-O-O Qe7 13. Rhe1 d6 14. Re3 Rb8 15. Qd4 Be6 16. Nd5 cxd5 17. exd5 Qg5 18. dxe6 fxe6 19. h4 Qf4 20. f3 e5 21. Qxf4 Rxf4 22. Rc3 Rb7 23. g3 Rfb4 24. b3 Kf7 25. a3 R4b5 26. Rc6 R5b6 27. Rc4 Ke6 28. f4 Rb5 29. Re1 a5 30. fxe5 Rxe5 31. Rxe5+ Kxe5 32. Kd2 c5 33. Kd3 Kd5 34. Ra4 Rf7 35. Ke2 Ra7 36. Kd3 Rf7 37. Ke2 Ra7 38. Kd3 1/2-1/2

[Event "45th Olympiad 2024"]
[Site "Budapest HUN"]
[Date "2024.09.16"]
[Round "6.45"]
[Board "2"]
[White "Seeman, Tarvo"]
[Black "Ahn, Hongjin"]
[Result "0-1"]
[WhiteElo "2375"]
[BlackElo "2251"]
[PlyCount "202"]
[EventDate "2024.09.11"]
[WhiteTeam "Estonia"]
[BlackTeam "South Korea"]
[WhiteTeamCountry "EST"]

1. Nf3 d5 2. g3 Nc6 3. d4 Bf5 4. Bg2 Nb4 5. Na3 e6 6. c3 Nc6 7. Nc2 Be4 8. O-O Nf6 9. Nce1 Bd6 10. Nd3 h6 11. b3 O-O 12. Bb2 Qe7 $146 ({RR} 12... Re8 13. c4 Bf8 14. e3 Nb8 15. cxd5 exd5 16. Nc5 Bxc5 17. dxc5 c6 18. b4 Na6 19. a3 Nc7 20. Nd4 Qd7 21. f3 Bh7 22. Qd2 Qe7 23. Rae1 Nd7 24. e4 dxe4 25. fxe4 f6 26. Nf5 Bxf5 27. exf5 {½-½ Lazic,M (2486)-Radovanovic,N (2435) Valjevo Manojlovic Memorial 2018 (6)}) ({RR} 12... Nb8 13. c4 c6 14. Re1 Nbd7 15. Nd2 Bxg2 16. Kxg2 Ne4 17. f3 Nxd2 18. Qxd2 dxc4 19. bxc4 c5 20. d5 exd5 21. cxd5 b5 22. e4 f6 23. Nf4 Bxf4 24. gxf4 Nb6 25. f5 Nc4 26. Qe2 Nxb2 27. Qxb2 {0-1 Feng,M (2138)-Preotu,R (2478) Charlotte Open 2023 (3.7)}) 13. Re1 Nd7 14. c4 Ba3 15. Bxa3 Qxa3 16. cxd5 exd5 17. e3 Rfe8 18. Bf1 a5 19. Nd2 Bf5 20. Qc1 Qd6 21. a3 Nd8 22. Qc3 Ne6 23. b4 b6 24. b5 Rad8 25. Rac1 Re7 26. Qb2 Ree8 27. Rc6 Qe7 28. Rec1 Ndf8 29. R6c3 f6 30. Nf4 Rd7 31. Nxe6 Nxe6 32. Bg2 Qd8 33. a4 Kh8 34. Rc6 Ree7 35. Qb3 Ng5 36. Qa2 Qe8 37. h4 Nh3+ 38. Bxh3 Bxh3 39. Kh2 Bf5 40. Qb3 Qh5 41. Qd1 Bg4 42. f3 Be6 43. Qe1 Qe8 44. Qf2 Qd8 45. Nf1 Rd6 46. g4 Rxc6 47. Rxc6 Bd7 48. Rc3 Re6 49. Ng3 c6 50. bxc6 Rxc6 51. Rxc6 Bxc6 52. Qc2 Qe8 53. Qb3 Qb8 54. Kh3 b5 55. Qc3 Qb6 56. axb5 Qxb5 57. h5 Kg8 58. Nf5 Bd7 59. Nd6 Qb6 60. Nf5 Bxf5 61. gxf5 Qb5 62. Kg3 a4 63. Qc8+ Kh7 64. Qa8 Qb1 65. e4 Qg1+ 66. Kh3 dxe4 67. fxe4 Qe3+ 68. Kh2 Qxd4 69. Kg2 Qd2+ 70. Kf3 Qd1+ 71. Kf2 Qc2+ 72. Kf3 Qb3+ 73. Kg4 a3 74. Qe8 a2 75. Qg6+ Kg8 76. Qe8+ Kh7 77. Qg6+ Kh8 78. Qe8+ Qg8 79. Qa4 Qf7 80. Kf4 Kh7 81. Ke3 Qxh5 82. Qxa2 Qg4 83. Qh2 h5 84. Kf2 Kh6 85. Ke3 h4 86. Kd4 Qg3 87. Qd2+ Kh7 88. Qe2 g6 89. Kd5 Kg7 90. fxg6 h3 91. Kc6 Kxg6 92. Qc4 Qe5 93. Qg8+ Kh5 94. Kd7 Qxe4 95. Qh8+ Kg5 96. Qg8+ Qg6 97. Qa8 Qf5+ 98. Ke7 Qe5+ 99. Kf7 Qc7+ 100. Kf8 f5 101. Qf3 Kf6 0-1

[Event "45th Olympiad 2024"]
[Site "Budapest HUN"]
[Date "2024.09.16"]
[Round "6.45"]
[Board "3"]
[White "Yun, Hungi"]
[Black "Kanep, Meelis"]
[Result "0-1"]
[WhiteElo "2124"]
[BlackElo "2367"]
[PlyCount "112"]
[EventDate "2024.09.11"]
[WhiteTeam "South Korea"]
[BlackTeam "Estonia"]
[BlackTeamCountry "EST"]

1. e4 d6 2. d4 Nf6 3. Nc3 e5 4. Nf3 Nbd7 5. Bc4 Be7 6. O-O O-O 7. Re1 a6 8. a4 b6 9. Ba2 Bb7 10. h3 c6 11. dxe5 dxe5 12. Nh4 Nc5 ({RR} 12... b5 13. Nf5 b4 14. Nb1 Ne8 15. Be3 Bc5 16. Nd2 g6 17. Nb3 Bxe3 18. Nxe3 Qc7 19. a5 Rd8 20. Qf3 Nd6 21. Rad1 Kg7 22. Qg3 Nxe4 23. Nf5+ Kh8 24. Rxe4 gxf5 25. Qg5 fxe4 26. Rxd7 Qxd7 27. Qf6+ {½-½ Kislinsky,A (2574)-Nepomniachtchi,I (2710) EU-ch 14th Legnica 2013 (4)}) ({RR} 12... Nxe4 13. Rxe4 Bxh4 14. Be3 Bf6 15. Qh5 g6 16. Qg4 Qc7 17. h4 Bg7 18. h5 Nf6 19. Qh4 Nxh5 20. Bg5 Nf4 21. Bxf4 exf4 22. Rxf4 c5 23. Nd5 Bxd5 24. Bxd5 Rad8 25. Rd1 Kh8 26. c3 Qe5 27. c4 {0-1 Arsov,F (1624)-Muri,E (1799) IBCA European Teams 2023 (8.4)}) 13. Nf5 Bc8 14. Qf3 Ne8 $146 ({RR} 14... Bxf5 15. Qxf5 Qc7 16. Bd2 Rad8 17. Be3 a5 18. Rad1 Rxd1 19. Rxd1 g6 20. Qf3 Rd8 21. Bxc5 bxc5 22. Bc4 Kg7 23. b3 Rd4 24. Rd3 Bd8 25. g3 h5 26. h4 Qe7 27. Kg2 Bc7 28. Qd1 Qd7 29. f3 {½-½ Brandenburg,D (2527)-Semcesen,D (2449) Lund Schackstudion 2011 (5)}) ({RR} 14... Bxf5 15. Qxf5 Qc7 16. Bg5 g6 17. Qf3 Nh5 18. Bh6 Ng7 19. Rad1 b5 20. axb5 axb5 21. Ra1 Kh8 22. Nd1 Nce6 23. Ne3 Bg5 24. Bxe6 Rxa1 25. Bxg7+ Kxg7 26. Rxa1 fxe6 27. Qe2 Qb6 28. Nf1 h5 29. Rd1 {0-1 Michalczak,T (2316)-Zenker,U (2202) Bayern-chI Bank Hofmann 15th 2011 (7)}) ({RR} 14... Be6 15. b4 Ncd7 16. Ne2 Bxa2 17. Rxa2 g6 18. Bh6 Re8 19. c3 Bf8 20. Bxf8 Rxf8 21. Nd6 Qe7 22. Rd2 a5 23. Ng3 axb4 24. cxb4 Kh8 25. Qb3 c5 26. Red1 cxb4 27. Qxb4 Nc5 28. Qxb6 Nxa4 29. Qe3 {1-0 Suarez Uriel,A (2241)-Belousov,G (2206) Benidorm op U2300 11th 2012 (6)}) 15. Be3 Bxf5 16. exf5 Qc7 17. Rad1 a5 18. Qg3 Nd7 19. Ne4 Ndf6 20. Ng5 Nh5 21. Qh4 Nhf6 22. Bc1 h6 23. Ne4 Qc8 24. Nxf6+ Bxf6 25. Qh5 Qc7 26. Rd3 Rd8 27. Rg3 Rd4 28. Rg4 Rxg4 29. hxg4 Qd8 30. Qg6 Qe7 31. Bxh6 Kh8 32. Bxg7+ Nxg7 33. Qh6+ Kg8 34. Re3 Bg5 35. Qg6 Qf6 36. Rh3 Qxg6 37. fxg6 Ne6 38. Rh5 Bf6 39. gxf7+ Kxf7 40. g5 Bg7 41. g4 Ke7 42. Rh7 Rh8 43. g6 Rxh7 44. gxh7 Ng5 45. Bg8 Kf6 46. Kf1 Kg6 47. Ke2 Nxh7 48. Bxh7+ Kxh7 49. Ke3 Kg6 50. Ke4 Kf6 51. c3 Bh6 52. f3 Ke6 53. b4 axb4 54. cxb4 Bd2 55. b5 cxb5 56. axb5 Bf4 0-1

[Event "45th Olympiad 2024"]
[Site "Budapest HUN"]
[Date "2024.09.16"]
[Round "6.45"]
[Board "4"]
[White "Timoshin, Andrei"]
[Black "Huh, Isaak"]
[Result "1/2-1/2"]
[WhiteElo "2230"]
[BlackElo "2114"]
[PlyCount "96"]
[EventDate "2024.09.11"]
[WhiteTeam "Estonia"]
[BlackTeam "South Korea"]
[WhiteTeamCountry "EST"]

1. e4 c5 2. Nf3 d6 3. Bb5+ Nd7 4. d4 cxd4 5. Qxd4 a6 6. Bxd7+ Bxd7 7. O-O e5 8. Qd3 h6 9. c4 Nf6 10. Nc3 Be7 11. b3 ({RR} 11. c5 Be6 12. cxd6 Qxd6 13. Qe3 O-O 14. Rd1 Qc7 15. Nd5 Nxd5 16. exd5 Rad8 17. Nxe5 Rxd5 18. Rxd5 Bxd5 19. Bd2 Bf6 20. Bc3 Re8 21. f4 b5 22. h3 b4 23. Bd4 Qc2 24. Qf2 Rc8 25. b3 Qxf2+ {0-1 Antipov,M (2569)-Sasikiran,K (2639) Wch Blitz 9th 2015 (4)}) 11... Qc7 ({RR} 11... O-O 12. a4 Rb8 13. Ba3 Bc6 14. Rfd1 Ne8 15. c5 Bf6 16. cxd6 Qd7 17. Nd5 Bxd5 18. Qxd5 b5 19. Nxe5 Bxe5 20. Qxe5 Nf6 21. Qd4 bxa4 22. bxa4 Rfe8 23. e5 Ng4 24. f4 h5 25. Bb2 Re6 26. f5 {1-0 Nurgaliyeva,Z (2135)-Eskina,Y Swiss Queens Wed #23 2024 (4.203)}) 12. Rd1 Rd8 $146 ({RR} 12... Be6 13. Nh4 O-O 14. Nf5 Bxf5 15. exf5 b5 16. cxb5 d5 17. b6 Qc6 18. Qg3 d4 19. Na4 Nd7 20. Bb2 Qe4 21. Re1 Qh4 22. Qf3 Bb4 23. Rec1 e4 24. Qg3 Qxg3 25. hxg3 d3 26. Rc7 Rfd8 27. Bd4 {1-0 Briscoe,C (2232)-James,D (2177) GBR-ch 95th Liverpool 2008 (2)}) ({RR} 12... O-O 13. a4 Be6 14. Nd2 Nd7 15. Nd5 Bxd5 16. Qxd5 Qc6 17. Ba3 Qxd5 18. cxd5 b5 19. Rac1 Nc5 20. Bxc5 dxc5 21. Ra1 Rfc8 22. Ra2 c4 23. bxc4 bxc4 24. Rc2 c3 25. Nb1 Bb4 26. f3 Bc5+ 27. Kf1 {0-1 Lacruz Algarate,A (2113)-Quintin Navarro,A (2380) Aragon-chT Honor Gr II 2018 (7.7)}) ({RR} 12... Be6 13. a4 O-O 14. Nd2 Nh5 15. Nf1 Qa5 16. Qf3 Nf6 17. Nd5 Nxd5 18. cxd5 Bd7 19. Bd2 Qd8 20. Ng3 Bg5 21. Rac1 Rc8 22. Qd3 Bxd2 23. Qxd2 Qb6 24. Qd3 Rc5 25. h3 Rfc8 26. Rxc5 Rxc5 27. Ne2 {½-½ Lopez Raygoza,L (2138)-Arias,D (2242) Pan American-ch U20 2015 (4)}) 13. Ba3 Be6 14. Rac1 Qa5 15. Bb2 O-O 16. a3 b5 17. Nd5 Nxd5 18. exd5 bxc4 19. bxc4 Bg4 20. h3 Bh5 21. Re1 f5 22. Nd4 Bg5 23. Nc6 Qd2 24. Qb3 Rd7 25. Rb1 f4 26. Qc3 f3 27. g3 Bg6 28. Rbd1 Qc2 29. c5 Qxc3 30. Bxc3 Bc2 31. Ra1 dxc5 32. Bxe5 Rxd5 33. h4 Rc8 34. hxg5 Rxc6 35. gxh6 Rxh6 36. Bf4 Rh3 37. Re5 Rxe5 38. Bxe5 c4 39. Bc3 Rh5 40. Re1 Kf7 41. Re3 Rf5 42. g4 Rf4 43. Kh2 Rxg4 44. Rxf3+ Ke7 45. Rg3 Rxg3 46. Kxg3 g6 47. Kf4 Ke6 48. Ke3 Kd5 1/2-1/2

[Event "45th Olympiad 2024"]
[Site "Budapest HUN"]
[Date "2024.09.16"]
[Round "6.46"]
[Board "1"]
[White "Baburin, Alexander"]
[Black "Ferster, Fabian"]
[Result "1/2-1/2"]
[WhiteElo "2376"]
[BlackElo "2184"]
[PlyCount "79"]
[EventDate "2024.09.11"]
[WhiteTeam "Ireland"]
[BlackTeam "Liechtenstein"]
[WhiteTeamCountry "IRL"]
[BlackTeamCountry "LIE"]

1. d4 Nf6 2. Nf3 g6 3. g3 Bg7 4. Bg2 d5 5. O-O O-O 6. Be3 Bf5 ({RR} 6... Nbd7 7. h3 Ne4 8. Qc1 c5 9. dxc5 Ndxc5 10. Rd1 Qb6 11. c3 Qa6 12. Nbd2 Na4 13. Bd4 Bxd4 14. Nxd4 e5 15. N4f3 Qxe2 16. Nxe4 dxe4 17. Nxe5 Qxb2 18. Qxb2 Nxb2 19. Rd4 Nd3 20. Rxe4 Nxe5 21. Rxe5 {½-½ Landa,K (2623)-Sutovsky,E (2660) SVK-ch Kaskady 2002 (5)}) 7. h3 ({RR} 7. Qc1 c6 8. Rd1 Nbd7 9. c4 dxc4 10. Qxc4 Qb6 11. b3 Ng4 12. Bc1 c5 13. Bb2 Rac8 14. e4 cxd4 15. Qf1 Bxe4 16. Bxd4 Bxd4 17. Rxd4 Bxf3 18. Rxd7 Rc1 19. Rd2 Rxf1+ 20. Bxf1 Qf6 {0-1 Touzane,O (2242)-Manik,M (2342) 13th Tamil Nadu IM 2024 (5.3)}) 7... c6 8. Qc1 Re8 $146 ({RR} 8... Nbd7 9. g4 Be4 10. Nbd2 Re8 11. Nxe4 Nxe4 12. Rd1 Qc7 13. c4 dxc4 14. Qxc4 Nb6 15. Qc2 Nf6 16. Bd2 Nbd5 17. e4 Nf4 18. Bxf4 Qxf4 19. Ne5 Rad8 20. Nd3 Qc7 21. Nc5 e5 22. dxe5 Rxd1+ 23. Rxd1 {0-1 Siddharth,J (2320)-Cheparinov,I (2686) Titled Tuesday intern op 26th May blitz 2020 (1)}) 9. c4 Nbd7 10. Rd1 Qc8 11. Kh2 e5 12. dxe5 Nxe5 13. Nbd2 Nxc4 14. Nxc4 dxc4 15. Qxc4 Nd5 16. Bd4 b5 17. Qc1 Rxe2 18. Bxg7 Kxg7 19. Rd2 Rxd2 20. Qxd2 Be4 21. Rc1 Nf6 22. Qc3 Qf5 23. Nh4 Qd5 24. f3 Bf5 25. Qxc6 Be6 26. Qxd5 Bxd5 27. f4 Re8 28. Bxd5 Nxd5 29. Rc5 Re2+ 30. Kg1 Nb4 31. Rxb5 Rxb2 32. Nf3 Nd3 33. Rxb2 Nxb2 34. Ne5 Na4 35. Kf2 f6 36. Nc6 Nc3 37. a3 Nb1 38. a4 a5 39. Nxa5 Nc3 40. Nc4 1/2-1/2

[Event "45th Olympiad 2024"]
[Site "Budapest HUN"]
[Date "2024.09.16"]
[Round "6.46"]
[Board "2"]
[White "Krieger, Markus"]
[Black "Kanyamarala, Tarun"]
[Result "0-1"]
[WhiteElo "2153"]
[BlackElo "2361"]
[PlyCount "110"]
[EventDate "2024.09.11"]
[WhiteTeam "Liechtenstein"]
[BlackTeam "Ireland"]
[WhiteTeamCountry "LIE"]
[BlackTeamCountry "IRL"]

1. e4 c5 2. Nc3 Nc6 3. Bb5 Nd4 4. Nf3 a6 5. Bd3 Nc6 6. O-O d6 7. Bc4 e6 8. a4 Nf6 9. d4 cxd4 10. Nxd4 Bd7 ({RR} 10... Qc7 11. Nxc6 bxc6 12. Qf3 d5 13. Bd3 Bd6 14. h3 O-O 15. Bg5 Be5 16. Qe2 h6 17. Bd2 Bb7 18. f4 Bd4+ 19. Kh1 c5 20. e5 c4 21. exf6 cxd3 22. Qxd3 Bxf6 23. f5 Rac8 24. fxe6 fxe6 25. Qg6 {1-0 Mendez Machado,A (2003)-Cheng,J (1843) World ol U16 2022 (2.12)}) 11. Nxc6 $146 ({RR} 11. Bg5 Be7 12. Bb3 O-O 13. Be3 Rc8 14. h3 Na5 15. Ba2 Nc4 16. Bc1 Qb6 17. b3 Ne5 18. Bb2 Qc5 19. Re1 Nc6 20. Nde2 b5 21. axb5 axb5 22. Bb1 Ra8 23. Rxa8 Rxa8 24. Nf4 Ne5 25. Nd3 Qb6 {0-1 Simmons,M (2060)-Pitcher,J (2183) BCF-chT2 0506 (4NCL) 2005 (9.6)}) 11... Bxc6 12. Qe2 Be7 13. a5 O-O 14. Be3 Rc8 15. Bb6 Qe8 16. Bb3 Nd7 17. Bd4 Bf6 18. Rfd1 Qe7 19. Bxf6 Nxf6 20. Ba4 Qc7 21. Bxc6 Qxc6 22. Rd4 Qc5 23. Raa4 Rfd8 24. Rdc4 Qg5 25. Rxc8 Rxc8 26. Qd1 h6 27. h3 Kh7 28. Rb4 Rc7 29. Qxd6 Rd7 30. Qg3 Qxa5 31. Ra4 Qc5 32. Qf4 b5 33. Rxa6 b4 34. Nd5 Nxd5 35. exd5 Qxd5 36. Ra1 Qc5 37. Qe4+ g6 38. Re1 Rd2 39. Re2 Rd1+ 40. Re1 Rd2 41. Re2 Rd4 42. Qf3 Kg7 43. g3 Rd1+ 44. Kg2 Rb1 45. c3 Qd6 46. Re4 Qa6 47. Re2 Qd6 48. Re4 b3 49. Rf4 Qd7 50. c4 e5 51. Re4 Qc6 52. Rf4 Qd7 53. Re4 Qd2 54. Qe2 Qc1 55. g4 Qh1+ 0-1

[Event "45th Olympiad 2024"]
[Site "Budapest HUN"]
[Date "2024.09.16"]
[Round "6.46"]
[Board "3"]
[White "O'Gorman, Tom"]
[Black "Heron, Andrew"]
[Result "1-0"]
[WhiteElo "2353"]
[BlackElo "2026"]
[PlyCount "37"]
[EventDate "2024.09.11"]
[WhiteTeam "Ireland"]
[BlackTeam "Liechtenstein"]
[WhiteTeamCountry "IRL"]
[BlackTeamCountry "LIE"]

1. e4 c5 2. Nf3 d6 3. c3 Nf6 4. Be2 Nbd7 5. Qc2 b6 6. d4 cxd4 7. cxd4 ({RR} 7. Nxd4 Bb7 8. f3 e5 9. Nf5 d5 10. exd5 Nxd5 11. O-O g6 12. Nh6 f5 13. Nxf5 gxf5 14. Qxf5 Qf6 15. Qh5+ Qg6 16. Qxg6+ hxg6 17. Bd3 Kf7 18. h3 Bc5+ 19. Kh2 Nf4 20. Bc4+ Kg7 21. Nd2 Nf6 {1-0 Fishbein,A (2366)-Omariev,M (2304) Titled Tue 20th Jun Late 2023 (4)}) 7... Bb7 8. e5 Rc8 9. Nc3 Bxf3 $146 ({RR} 9... Nd5 10. e6 fxe6 11. Ng5 N7f6 12. Nxe6 Qd7 13. Nxf8 Rxf8 14. O-O Kf7 15. Bg5 Kg8 16. Qb3 Kh8 17. Nxd5 Bxd5 18. Qe3 Rc2 19. b3 Ne4 20. Bd3 Rc3 21. Rad1 Qg4 22. Bxe7 Rxf2 23. g3 Rf7 24. h3 {1-0 Drazic,S (2310)-Sindik,E (2355) Pula tt2 1990 (4)}) 10. Bxf3 dxe5 11. dxe5 Nxe5 12. Be2 Nc4 13. O-O Qd7 14. Rd1 Qc6 15. Bf3 Qe6 16. Qa4+ Nd7 17. Bd5 Qg4 18. h3 b5 19. Qxb5 1-0

[Event "45th Olympiad 2024"]
[Site "Budapest HUN"]
[Date "2024.09.16"]
[Round "6.46"]
[Board "4"]
[White "Frick, Renato"]
[Black "Fitzsimons, David"]
[Result "0-1"]
[WhiteElo "1925"]
[BlackElo "2315"]
[PlyCount "108"]
[EventDate "2024.09.11"]
[WhiteTeam "Liechtenstein"]
[BlackTeam "Ireland"]
[WhiteTeamCountry "LIE"]
[BlackTeamCountry "IRL"]

1. e4 {Szabo,Krisztian} c5 2. Nf3 d6 3. d4 cxd4 4. Nxd4 Nf6 5. Nc3 a6 6. h3 e5 ({RR} 6... e6 7. g4 Nfd7 8. Bg2 Be7 9. Be3 Nc6 10. h4 Nde5 11. g5 Bd7 12. Nxc6 Bxc6 13. b3 f5 14. f4 Ng4 15. Qe2 Nxe3 16. Qxe3 fxe4 17. O-O-O d5 18. Nxe4) 7. Nde2 h5 8. Bg5 ({RR} 8. g3) 8... Be6 9. Bxf6 Qxf6 10. Nd5 Qd8 11. Qd3 ({RR} 11. Nec3) 11... Nd7 12. Nec3 Rc8 13. O-O-O g6 14. Kb1 Bh6 ({RR} 14... Rc5 15. Be2 b5 ({RR} 15... Bg7) ({RR} 15... Bh6) 16. a3 ({RR} 16. f4 exf4 17. Qd4 Rh7 18. Nxf4) 16... Nb6 17. g4 hxg4 18. Nxb6 ({RR} 18. hxg4 Rxh1 19. Rxh1 Bxd5 20. exd5 {RR} Bg7 21. Ne4 Rxd5 22. Qc3) 18... Qxb6 19. hxg4 Rxh1 20. Rxh1 Bg7 21. Qe3 Qb7 ({RR} 21... a5 22. b4) ({RR} 21... Rc6) 22. Rd1 Qc7 23. g5 Qc6 24. Rg1 Qd7 ({RR} 24... a5 25. Bg4 b4 26. Bxe6 fxe6 27. axb4 axb4) 25. Qg3 Rc8 26. Bg4 Bxg4 ({RR} 26... a5 27. Bxe6 fxe6 28. Qd3 Rb8 29. Nd1 Qc6 30. Ne3) 27. Qxg4 Qxg4 28. Rxg4 Bf8 29. Nd5 {1-0 Anand,V (2796)-Topalov,V (2803) London Classic 7th 2015 (5)}) 15. Rg1 $146 ({RR} 15. h4 Nc5 16. Qe2 b5 17. g3 Rb8 18. a3 Kf8 19. f3 Qd7 20. Rg1 Bg7 21. Rd2 Qb7 22. Rh1 Bd7 23. Nd1 a5 24. c3 Bc6 25. Bg2 Bh6 26. f4 Re8 27. Re1 exf4 28. gxf4 b4 29. cxb4 axb4 {0-1 Paramzina,A (2123)-Sakaev,K (2594) Chigorin Memorial 25th 2017 (1)}) ({RR} 15. h4 Nc5 16. Qe2 b5 17. f3 Bd7 18. g4 hxg4 19. fxg4 Ne6 20. g5 Bxg5 21. hxg5 Rxh1 22. Nf6+ Ke7 23. Qf3 Rh4 24. Ncd5+ Kf8 25. Nb6 Bc6 26. Nxc8 Qxc8 27. Rxd6 Rf4 28. Qd1 Nxg5 29. Bg2 Ne6 {0-1 Goryachkina,A (2553)-Hong,A (2539) Titled Tue 23rd Jan Early 2024 (6)}) ({RR} 15. h4 Nc5 16. Qe2 Bd7 17. f3 Ne6 18. Qf2 Rc5 19. g4 hxg4 20. fxg4 Bg5 21. Bb5 Bf4 22. Bxd7+ Kxd7 23. Na4 Rc6 24. Qa7 Ke8 25. Qxb7 Rc4 26. Nab6 Rd4 27. h5 gxh5 28. gxh5 Rxh5 29. c3 Rxd1+ {0-1 Anand,V (2775)-Vachier Lagrave,M (2783) Leuven GCT rapid 2017 (7)}) 15... h4 16. g3 Nc5 17. Qf3 Bg5 18. a3 b5 19. Qe2 Bh6 20. Qf3 Bg7 21. Ne3 hxg3 22. fxg3 Qb6 23. Ned5 Qb7 24. g4 Nd7 25. Be2 Nb6 26. Nf6+ Kf8 27. Rxd6 Rxc3 28. bxc3 Ke7 29. Rxe6+ fxe6 30. Rf1 Rf8 31. g5 Qc7 32. Ng8+ Ke8 33. Nf6+ Bxf6 34. gxf6 Na4 35. Qg4 Kf7 36. Rg1 Rg8 37. Qh4 Nxc3+ 38. Ka1 Qc5 39. Qh7+ Kf8 40. Qe7+ Qxe7 41. fxe7+ Kxe7 42. Bd3 Rh8 43. Rxg6 Rxh3 44. Rg7+ Kd6 45. Ra7 Rh1+ 46. Kb2 Na4+ 47. Ka2 Nc5 48. a4 Nxa4 49. Rxa6+ Kc5 50. Rxe6 Kb4 51. c3+ Nxc3+ 52. Kb2 Na4+ 53. Kc2 Rh2+ 54. Kd1 Nb2+ 0-1

[Event "45th Olympiad 2024"]
[Site "Budapest HUN"]
[Date "2024.09.16"]
[Round "6.47"]
[Board "1"]
[White "Barbaria, Yacine"]
[Black "Duran Vega, Sergio"]
[Result "1-0"]
[WhiteElo "2179"]
[BlackElo "2308"]
[PlyCount "65"]
[EventDate "2024.09.11"]
[WhiteTeam "Tunisia"]
[BlackTeam "Costa Rica"]
[WhiteTeamCountry "TUN"]
[BlackTeamCountry "CRI"]

1. e4 e5 2. Nf3 Nc6 3. Bc4 Bc5 4. d3 Nf6 5. c3 d6 6. Nbd2 a5 7. h3 O-O 8. Nf1 d5 9. exd5 Nxd5 10. Ng3 Nb6 11. Bb3 a4 12. Bc2 Re8 13. O-O Bf8 $146 ({RR} 13... Be6 14. Ng5 h6 15. Nxe6 Rxe6 16. Qf3 Qd5 17. Ne4 Be7 18. Be3 Qd7 19. Rad1 g6 20. Bxh6 f5 21. Nd2 g5 22. Qh5 Qe8 23. Qxe8+ Rxe8 24. Bxg5 Bxg5 25. Nf3 Bf6 26. d4 exd4 27. Bxf5 Rd6 {0-1 Perez Gormaz,M (2413)-Anton Guijarro,D (2673) Titled Tuesday intern op 13th Apr blitz 2021 (5)}) 14. Re1 g6 15. Bg5 f6 16. Be3 a3 17. bxa3 Nd5 18. Bb3 Kg7 19. Bd2 Bxa3 20. d4 Bb2 21. Bxd5 Qxd5 22. dxe5 Kg8 23. Ne4 Rf8 24. Nxf6+ Rxf6 25. exf6 Bxa1 26. Re8+ Kf7 27. Rf8+ Ke6 28. Qxa1 Rb8 29. c4 Qxc4 30. f7 Qc5 31. Qe1+ Kd5 32. Re8 Bf5 33. Rxb8 1-0

[Event "45th Olympiad 2024"]
[Site "Budapest HUN"]
[Date "2024.09.16"]
[Round "6.47"]
[Board "2"]
[White "Valdes Romero, Leonardo"]
[Black "Ben Ammar, Mohamed"]
[Result "1/2-1/2"]
[WhiteElo "2347"]
[BlackElo "2143"]
[PlyCount "88"]
[EventDate "2024.09.11"]
[WhiteTeam "Costa Rica"]
[BlackTeam "Tunisia"]
[WhiteTeamCountry "CRI"]
[BlackTeamCountry "TUN"]

1. Nf3 Nf6 2. g3 d5 3. d4 c5 4. Bg2 cxd4 5. O-O g6 6. Nxd4 Bg7 7. c4 dxc4 8. Na3 O-O ({RR} 8... c3 9. Ndb5 Nbd7 10. Bf4 O-O 11. Bc7 Qe8 12. Nxc3 Nc5 13. b4 Na6 14. Be5 Nxb4 15. Nab5 Na6 16. Qd4 Qd8 17. Nxa7 Qa5 18. Nd5 Re8 19. Nxc8 Raxc8 20. Nxf6+ exf6 21. Bxf6 Rcd8 22. Bxd8 Rxd8 23. Qe3 {1-0 Berkes,F (2706)-Efimenko,Z (2703) Bundesliga 1112 2011 (6.1)}) 9. Nxc4 Nbd7 ({RR} 9... Qc7 10. Qb3 Nbd7 11. Bf4 e5 12. Nb5 Qb8 13. Be3 Ng4 14. Bd2 a6 15. Nbd6 Ra7 16. h3 b5 17. Nxc8 Qxc8 18. Nd6 Qb8 19. Nxf7 Nc5 20. Qc2 Ne6 21. hxg4 Raxf7 22. Bd5 Re8 23. Qb3 Qb6 24. Be3 {0-1 Aranda,J (2135)-Shukhman,A (2258) Titled Tue 23rd Jul Early 2024 (10)}) 10. Bd2 Nc5 $146 ({RR} 10... Ne8 11. Ba5 Nb6 12. Bxb6 axb6 13. Nb5 Be6 14. Qxd8 Rxd8 15. Nxb6 Rd2 16. a4 Nd6 17. Nxd6 Rxd6 18. a5 Bxb2 19. Ra4 Bc3 20. Rb1 Rfd8 21. Bxb7 Bh3 22. f3 Rd1+ 23. Rxd1 Rxd1+ 24. Kf2 Be1+ 25. Ke3 {1-0 Gavritenkov,S (2350)-Chuiko,A (2320) Tula Efremenkov Memorial 2000 (2)}) 11. Ba5 Qe8 12. Rc1 Ne6 13. b3 Nxd4 14. Qxd4 Ng4 15. Qd2 Qb5 16. h3 Nf6 17. Bc7 Be6 18. Qa5 a6 19. Rfd1 h5 20. a4 Qe8 21. h4 Bxc4 22. Rxc4 b5 23. Rcc1 Bh6 24. e3 bxa4 25. bxa4 Ng4 26. Bc6 Qc8 27. Re1 Qe6 28. Bxa8 Rxa8 29. Bf4 Qa2 30. Rf1 Bg7 31. Bc7 Bh6 32. Bb6 Qe6 33. Qc5 Ne5 34. Bc7 Nf3+ 35. Kg2 Qe4 36. Qc6 Nxh4+ 37. Kh2 Nf3+ 38. Kh1 Qg4 39. Qxa8+ Kh7 40. Kg2 Nh4+ 41. Kh1 Nf3 42. Kg2 Nh4+ 43. Kh2 Nf3+ 44. Kg2 Nh4+ 1/2-1/2

[Event "45th Olympiad 2024"]
[Site "Budapest HUN"]
[Date "2024.09.16"]
[Round "6.47"]
[Board "3"]
[White "Taieb, Sahbi"]
[Black "Jimenez Garcia, Emmanuel"]
[Result "0-1"]
[WhiteElo "2118"]
[BlackElo "2352"]
[PlyCount "82"]
[EventDate "2024.09.11"]
[WhiteTeam "Tunisia"]
[BlackTeam "Costa Rica"]
[WhiteTeamCountry "TUN"]
[BlackTeamCountry "CRI"]

1. c4 g6 2. Nc3 Bg7 3. g3 e5 4. Bg2 Ne7 5. Nf3 d5 6. cxd5 Nxd5 7. O-O O-O 8. d3 ({RR} 8. d4 exd4 9. Nxd4 Nxc3 10. bxc3 c5 11. Nb3 Na6 12. Qxd8 Rxd8 13. Be3 Bxc3 14. Rad1 Bg4 15. Rc1 Bb4 16. Bxb7 Bxe2 17. Bxa8 Rxa8 18. Nxc5 Bxf1 19. Kxf1 Nxc5 {½-½ Ribli,Z (2610)-Vaganian,R (2630) Match/Team URS-World 21-19 1984 (2.5)}) 8... Ne7 ({RR} 8... Nb6 9. Bg5 Qe8 10. Qc1 Nc6 11. Re1 f6 12. Be3 Be6 13. a3 Ne7 14. d4 exd4 15. Nxd4 Ned5 16. Nxe6 Qxe6 17. Bxb6 Nxb6 18. Bxb7 Rab8 19. Bg2 c6 20. Ne4 f5 21. Nc5 Qf6 22. Rb1 Rfd8 23. b4 {1-0 Janik,I (2502)-Gomez Aguirre,J (2223) Southend Masters 2024 (2.3)}) 9. Bg5 h6 10. Bd2 $146 ({RR} 10. Be3 Nf5 11. Bd2 a5 12. Qc1 Kh7 13. Ne4 Ra7 14. Bc3 Qe7 15. Qd2 b6 16. b3 c5 17. Qb2 Nc6 18. a4 Ncd4 19. e3 Nxf3+ 20. Bxf3 Rd8 21. Rfd1 Rad7 22. Be2 Ba6 23. Qc2 Qe6 24. Rd2 Ne7 {0-1 Portal Ramos,C (2085)-Skvortsov,A (2307) Titled Tue 18th Jul Late 2023 (1)}) 10... Nbc6 11. Rc1 Rb8 12. a3 b6 13. Qc2 Be6 14. b4 a6 15. Nd1 Qd7 16. Bc3 Rfc8 17. Qb2 Nd4 18. e3 Nxf3+ 19. Bxf3 Qxd3 20. Bg2 c5 21. Bxe5 Bxe5 22. Qxe5 cxb4 23. Rxc8+ Rxc8 24. axb4 Rc1 25. Nb2 Qb1 26. g4 Bxg4 27. Qxe7 Qxb2 28. h3 Be6 29. Qd8+ Kh7 30. Qxb6 Rc2 31. e4 Qa3 32. Kh2 Rb2 33. Qd6 a5 34. Qe5 axb4 35. Rd1 Rxf2 36. Kg1 Qe3 37. Qd4 Qxd4 38. Rxd4 Rb2 39. Bf1 b3 40. Rb4 Rd2 41. h4 b2 0-1